| 000 | 00594nam a2200193 a 4500 | ||
|---|---|---|---|
| 001 | 5527 | ||
| 003 | CDMR | ||
| 005 | 20131016173602.0 | ||
| 008 | 130130s1978||||||||||||||||||||||||||||d | ||
| 020 | _a8473670752 | ||
| 040 |
_aCDMR _bcat _cCDMR |
||
| 245 | 0 | 0 |
_aRevista "Comunismo" _b: 1931-1934 : [la herencia teórica del marxismo español] _cedición a cargo de Jesús Pérez |
| 260 |
_aBarcelona _c1978 _bFontamara |
||
| 300 | _a597 p. | ||
| 650 | 0 | 4 |
_94091 _aComunisme _zEspanya |
| 650 | 0 | 4 |
_94090 _aPremsa i política _zEspanya |
| 700 | 1 |
_94051 _aPérez-Magallón, Jesús _eed. |
|
| 942 |
_cMON _2udc |
||
| 999 |
_c5527 _d5527 |
||